[Event "Provincial-ch Valencia Primera"]
[Site "Valencia"]
[Date "2009.11.07"]
[Round "4"]
[White "Hernandez Blasco, Fco Javier"]
[Black "Lopez Diaz, Rafael"]
[Result "1-0"]
[WhiteElo "1698"]
[BlackElo "1761"]
[PlyCount "151"]
[EventDate "2009.10.03"]
[EventType "swiss"]
[EventRounds "7"]
[EventCountry "ESP"]
[SourceTitle "EXT 2024"]
[Source "ChessBase"]
[SourceDate "2023.10.10"]
[SourceVersion "1"]
[SourceVersionDate "2023.10.10"]
[SourceQuality "1"]

1. d4 Nf6 2. c4 d5 3. cxd5 Nxd5 4. e4 Nf6 5. Nc3 e6 6. Nf3 Be7 7. Bd3 b6 8. 0-0 0-0 9. Qc2 Ba6 10. Bf4 Bxd3 11. Qxd3 Nh5 12. Be3 Nd7 13. e5 g5 14. Ne4 h6 15. g3 f5 16. Nc3 g4 17. Ne1 Bg5 18. Bxg5 hxg5 19. f3 gxf3 20. Nxf3 g4 21. Nh4 Nxe5 22. Qe3 Nf7 23. Qxe6 Qxd4+ 24. Kh1 Ng7 25. Qg6 Nd6 26. Rad1 Qf6 27. Qxf6 Rxf6 28. Nd5 Rf7 29. Nxc7 Rxc7 30. Rxd6 Rac8 31. Rd2 Rc1 32. Rxc1 Rxc1+ 33. Kg2 Rc7 34. Rf2 Rc5 35. Kf1 Kf7 36. Ke2 Kf6 37. Kd3 Ne6 38. Ng2 Rd5+ 39. Kc4 Rd4+ 40. Kc3 Re4 41. Kd3 Nc5+ 42. Kc3 Ra4 43. Kc2 Ne4 44. Rf4 Ra5 45. Ne3 Ke6 46. Nxg4 Rxa2 47. Ne3 Ra5 48. g4 Nd6 49. gxf5+ Kf6 50. h4 Rc5+ 51. Kb3 Ke5 52. Rg4 Rb5+ 53. Rb4 Rxb4+ 54. Kxb4 Ke4 55. Nc4 Nxf5 56. h5 Kd4 57. b3 a5+ 58. Kb5 Kc3 59. Ka4 Kd4 60. Nxb6 Ke5 61. Nd7+ Ke6 62. Nc5+ Kf6 63. Kxa5 Nd4 64. Ne4+ Kf5 65. Ng3+ Kg5 66. b4 Kg4 67. b5 Kg5 68. b6 Nc6+ 69. Ka6 Kf6 70. h6 Kg6 71. Nf5 Kh7 72. Kb7 Nd8+ 73. Kc8 Ne6 74. b7 Kg6 75. b8Q Kxf5 76. h7 1-0